[Event "Aktobe Dvorkovich op-B"]
[Site "Aktobe"]
[Date "2025.06.30"]
[Round "9"]
[White "Beristenov, Kair"]
[Black "Daulet, Alikhan"]
[Result "1-0"]
[WhiteElo "2183"]
[BlackElo "2074"]
[PlyCount "113"]
[EventDate "2025.06.22"]
[EventType "swiss"]
[EventRounds "9"]
[EventCountry "KAZ"]
[SourceTitle "CB27_2025"]
[SourceDate "2025.07.02"]
[SourceVersion "1"]
[SourceVersionDate "2025.07.02"]
[SourceQuality "1"]

1. e4 e6 2. d4 d5 3. Nc3 Nf6 4. Bg5 dxe4 5. Nxe4 Be7 6. Nxf6+ Bxf6 7. Bxf6 Qxf6 8. Nf3 0-0 9. Qd3 c5 10. 0-0-0 cxd4 11. Qxd4 Qxd4 12. Nxd4 a6 13. Be2 Nd7 14. f4 g6 15. Bf3 e5 16. Nb3 exf4 17. Rhe1 Rb8 18. Na5 Nc5 19. Re7 Kg7 20. Rc7 Ne6 21. Rc4 g5 22. a4 Rd8 23. Re1 Kf8 24. Rb4 Rd4 25. Re4 Rxe4 26. Bxe4 Nc5 27. Bf3 Bd7 28. Rd4 Ke7 29. b4 Ne6 30. Rd2 Nd8 31. Re2+ Kf6 32. Nc4 Bc6 33. Nb6 Kg7 34. Bg4 Bxa4 35. Nxa4 Nc6 36. c3 b5 37. Nc5 a5 38. Bf3 axb4 39. Bxc6 Rc8 40. Bxb5 Rxc5 41. c4 h5 42. Kb2 Kf6 43. Kb3 g4 44. Kxb4 Rc8 45. c5 Kg5 46. Re5+ f5 47. Rxf5+ Kxf5 48. Bd7+ Ke4 49. Bxc8 Ke3 50. Bb7 Kf2 51. Bd5 Kg1 52. c6 Kxh2 53. c7 f3 54. gxf3 g3 55. f4 g2 56. Bxg2 Kxg2 57. c8Q 1-0

[Event "Titled Tuesday intern op 06th May Early"]
[Site "Chess.com INT"]
[Date "2025.05.06"]
[Round "2"]
[White "Daulet, Alikhan"]
[Black "Mateus, Martha"]
[Result "0-1"]
[WhiteElo "2100"]
[BlackElo "1963"]
[PlyCount "52"]
[EventDate "2025.05.06"]
[EventType "swiss (blitz)"]
[EventRounds "11"]
[EventCountry "USA"]
[SourceTitle "CB20_2025"]
[SourceDate "2025.05.14"]
[SourceVersion "1"]
[SourceVersionDate "2025.05.14"]
[SourceQuality "1"]

1. Nf3 Nf6 2. e3 e6 3. c4 d5 4. b3 b6 5. Bb2 Ba6 6. Be2 Be7 7. 0-0 0-0 8. Nc3 c5 9. cxd5 exd5 10. Bxa6 Nxa6 11. d4 Nb4 12. Qe2 Qd7 13. Rfd1 Qf5 14. Rac1 Rfd8 15. dxc5 bxc5 16. a3 Nc6 17. Na4 Ne4 18. b4 c4 19. Nd4 Nxd4 20. Bxd4 a5 21. Bb6 Rd6 22. bxa5 Rh6 23. Bc7 Qd7 24. Nb6 Qxc7 25. Nxa8 Qxh2+ 26. Kf1 Qh1# 0-1

[Event "Titled Tuesday intern op 04th Mar Early"]
[Site "Chess.com INT"]
[Date "2025.03.04"]
[Round "7"]
[White "Daulet, Alikhan"]
[Black "Olsson, Linus"]
[Result "1-0"]
[WhiteElo "2068"]
[BlackElo "2152"]
[PlyCount "101"]
[EventDate "2025.03.04"]
[EventType "swiss (blitz)"]
[EventRounds "11"]
[EventCountry "USA"]
[SourceTitle "CB11_2025"]
[SourceDate "2025.03.12"]
[SourceVersion "1"]
[SourceVersionDate "2025.03.12"]
[SourceQuality "1"]

1. d4 Nf6 2. c4 g6 3. Nc3 d5 4. h4 h5 5. Bg5 Bg7 6. Bxf6 Bxf6 7. cxd5 c5 8. dxc6 Nxc6 9. e3 0-0 10. Nf3 e5 11. dxe5 Nxe5 12. Qxd8 Rxd8 13. Nxe5 Bxe5 14. Rd1 Be6 15. Be2 Rxd1+ 16. Kxd1 Bxc3 17. bxc3 Bxa2 18. Bf3 f5 19. Kc2 Rb8 20. Ra1 Bc4 21. Rxa7 Ba6 22. Kb3 Kf7 23. Bd5+ Kf6 24. Bc4 Bxc4+ 25. Kxc4 Rc8+ 26. Kb3 Rc7 27. Ra8 Rd7 28. Kc2 Rc7 29. Rf8+ Kg7 30. Rd8 Kf6 31. Rd6+ Kf7 32. Kd3 Re7 33. c4 Rc7 34. Kd4 Re7 35. f3 Rc7 36. e4 fxe4 37. fxe4 Re7 38. e5 Rc7 39. Kd5 Re7 40. c5 Rc7 41. g3 Re7 42. Rf6+ Kg7 43. Kd6 Re8 44. Re6 Rd8+ 45. Kc7 Rd5 46. Kb6 Rd7 47. Re8 Rd3 48. Kxb7 Rxg3 49. c6 Rg4 50. c7 Rb4+ 51. Kc6 1-0

[Event "Titled Tuesday intern op 04th Mar Early"]
[Site "Chess.com INT"]
[Date "2025.03.04"]
[Round "3"]
[White "Ratkovic, Petar"]
[Black "Daulet, Alikhan"]
[Result "0-1"]
[WhiteElo "2302"]
[BlackElo "2068"]
[PlyCount "104"]
[EventDate "2025.03.04"]
[EventType "swiss (blitz)"]
[EventRounds "11"]
[EventCountry "USA"]
[SourceTitle "CB11_2025"]
[SourceDate "2025.03.12"]
[SourceVersion "1"]
[SourceVersionDate "2025.03.12"]
[SourceQuality "1"]

1. d4 d5 2. Nf3 Nf6 3. Bf4 e6 4. e3 c5 5. c3 Qb6 6. Qb3 Bd7 7. Nbd2 Bc6 8. Be2 Nbd7 9. 0-0 Be7 10. h3 0-0 11. a4 Rfc8 12. a5 Qxb3 13. Nxb3 a6 14. dxc5 Nxc5 15. Nxc5 Bxc5 16. Ne5 Be8 17. Bd3 Be7 18. Rfd1 Rc5 19. Ra2 Rac8 20. Be2 Bd8 21. Nd3 Rxa5 22. Rxa5 Bxa5 23. Bf3 Bc7 24. Ne5 Kf8 25. g4 Ke7 26. g5 Ne4 27. Bxe4 dxe4 28. Rd4 f6 29. gxf6+ gxf6 30. Ng4 Bxf4 31. exf4 Bc6 32. Ne3 b5 33. f5 a5 34. c4 bxc4 35. Nxc4 a4 36. fxe6 Kxe6 37. Nb6 Rb8 38. Nxa4 Ke5 39. Rc4 Bd5 40. Rc5 Kd4 41. Rc7 Rg8+ 42. Kf1 Bc4+ 43. Ke1 Rg1+ 44. Kd2 Rf1 45. Rd7+ Ke5 46. Ke3 Re1+ 47. Kd2 Re2+ 48. Kc3 Bb5 49. Nc5 Bxd7 50. Nxd7+ Ke6 51. Nc5+ Kd5 52. Nd7 Rxf2 0-1

[Event "Titled Tuesday intern op 11th Feb Early"]
[Site "Chess.com INT"]
[Date "2025.02.11"]
[Round "7"]
[White "Daulet, Alikhan"]
[Black "Paikens, Reinis"]
[Result "1-0"]
[WhiteElo "2067"]
[BlackElo "2202"]
[PlyCount "97"]
[EventDate "2025.02.11"]
[EventType "swiss (blitz)"]
[EventRounds "11"]
[EventCountry "USA"]
[SourceTitle "CB08_2025"]
[SourceDate "2025.02.19"]
[SourceVersion "1"]
[SourceVersionDate "2025.02.19"]
[SourceQuality "1"]

1. d4 d5 2. c4 e6 3. Nc3 Nf6 4. cxd5 exd5 5. Bg5 Be7 6. e3 0-0 7. Bd3 Nbd7 8. Nge2 c5 9. 0-0 c4 10. Bc2 a6 11. a4 Re8 12. f3 Nf8 13. Ng3 h6 14. Bf4 Be6 15. e4 Ng6 16. Bc1 dxe4 17. fxe4 Qb6 18. Kh1 Rad8 19. d5 Bg4 20. Qd2 Bd6 21. Nf5 Be5 22. Ne3 Qc7 23. Rxf6 Bxf6 24. Nxg4 Bg5 25. Qf2 Bh4 26. g3 Be7 27. Be3 Rb8 28. a5 Bb4 29. Bb6 Qd6 30. Rf1 f6 31. Qf5 Ne5 32. Ne2 Bc5 33. Bxc5 Qxc5 34. Nf4 Nxg4 35. Qxg4 Qd6 36. Ne6 Re7 37. Rxf6 Qb4 38. Rf1 Qxb2 39. Bb1 c3 40. d6 c2 41. Bxc2 Rf7 42. Rxf7 Kxf7 43. Qf5+ Kg8 44. e5 Qc1+ 45. Kg2 Qd2+ 46. Kh3 Qc3 47. Qh7+ Kf7 48. Qg6+ Kg8 49. Qxg7# 1-0

[Event "Titled Tuesday intern op 11th Feb Early"]
[Site "Chess.com INT"]
[Date "2025.02.11"]
[Round "4"]
[White "Daulet, Alikhan"]
[Black "Shubenkova, Veronika"]
[Result "0-1"]
[WhiteElo "2067"]
[BlackElo "2024"]
[PlyCount "120"]
[EventDate "2025.02.11"]
[EventType "swiss (blitz)"]
[EventRounds "11"]
[EventCountry "USA"]
[SourceTitle "CB08_2025"]
[SourceDate "2025.02.19"]
[SourceVersion "1"]
[SourceVersionDate "2025.02.19"]
[SourceQuality "1"]

1. d4 d5 2. c4 e6 3. Nc3 f5 4. g3 Nf6 5. Bg2 c6 6. Nf3 Bd6 7. 0-0 Nbd7 8. Bf4 Qe7 9. Bxd6 Qxd6 10. e3 Ne4 11. Nd2 0-0 12. f3 Nxc3 13. bxc3 e5 14. cxd5 cxd5 15. f4 e4 16. c4 Nf6 17. c5 Qc7 18. Rc1 Bd7 19. Re1 Bc6 20. Bf1 a6 21. Qb3 Qa5 22. Nb1 Rab8 23. Re2 Bb5 24. Rb2 Bc6 25. Nc3 Qd8 26. Be2 Rc8 27. a3 Qd7 28. Na2 Ng4 29. h3 Nf6 30. Nb4 Ba4 31. Qa2 h6 32. Rcb1 Rc7 33. Kh2 Kh8 34. Bd1 Bb5 35. Bb3 Bc6 36. Nxc6 bxc6 37. Ba4 g5 38. Rb6 Rg8 39. Rxa6 gxf4 40. gxf4 Qe8 41. Qf2 Qh5 42. Bd1 Ng4+ 43. Bxg4 fxg4 44. Qg3 gxh3 45. Qxh3 Qe2+ 46. Kh1 Qxa6 47. f5 Qe2 48. f6 Qf3+ 49. Qxf3 exf3 50. Rf1 Rf7 51. Rxf3 Rg6 52. a4 Rgxf6 53. Rh3 Ra7 54. e4 dxe4 55. Re3 Rxa4 56. Rxe4 Rf2 57. Kg1 Rd2 58. Re8+ Kg7 59. Re7+ Kf6 60. Re1 Raxd4 0-1

[Event "Titled Tuesday intern op 11th Feb Early"]
[Site "Chess.com INT"]
[Date "2025.02.11"]
[Round "3"]
[White "Tari, Aryan"]
[Black "Daulet, Alikhan"]
[Result "1-0"]
[WhiteElo "2621"]
[BlackElo "2067"]
[PlyCount "47"]
[EventDate "2025.02.11"]
[EventType "swiss (blitz)"]
[EventRounds "11"]
[EventCountry "USA"]
[SourceTitle "CB08_2025"]
[SourceDate "2025.02.19"]
[SourceVersion "1"]
[SourceVersionDate "2025.02.19"]
[SourceQuality "1"]

1. e4 c5 2. Nc3 Nc6 3. f4 g6 4. Nf3 Bg7 5. Bb5 Nd4 6. 0-0 a6 7. Bd3 e6 8. e5 d6 9. Ne4 Nxf3+ 10. Qxf3 dxe5 11. fxe5 Qd4+ 12. Kh1 Nh6 13. Nd6+ Ke7 14. Nxc8+ Raxc8 15. Qxb7+ Qd7 16. Qxd7+ Kxd7 17. Bxa6 Rb8 18. d4 Rhf8 19. dxc5 Ng4 20. c3 Bxe5 21. h3 Nf6 22. Bh6 Rfe8 23. Bg7 Ke7 24. Rae1 1-0

[Event "Titled Tuesday intern op 04th Feb Early"]
[Site "Chess.com INT"]
[Date "2025.02.04"]
[Round "7"]
[White "Daulet, Alikhan"]
[Black "Akkara, Omer"]
[Result "0-1"]
[WhiteElo "2067"]
[BlackElo "2132"]
[PlyCount "32"]
[EventDate "2025.02.04"]
[EventType "swiss (blitz)"]
[EventRounds "11"]
[EventCountry "USA"]
[SourceTitle "CB07_2025"]
[SourceDate "2025.02.12"]
[SourceVersion "1"]
[SourceVersionDate "2025.02.12"]
[SourceQuality "1"]

1. d4 Nf6 2. c4 g6 3. Nc3 d5 4. h4 h5 5. Bg5 c6 6. Bxf6 exf6 7. cxd5 cxd5 8. Qb3 Nc6 9. e3 Bb4 10. Nge2 0-0 11. a3 Qa5 12. g3 Be6 13. Bg2 Bxc3+ 14. Nxc3 Rfd8 15. 0-0 Qb6 16. Qb4 Nxb4 0-1

[Event "Titled Tuesday intern op 28th Jan Early"]
[Site "Chess.com INT"]
[Date "2025.01.28"]
[Round "5"]
[White "Bortnyk, Olexandr"]
[Black "Daulet, Alikhan"]
[Result "1-0"]
[WhiteElo "2601"]
[BlackElo "2013"]
[PlyCount "45"]
[EventDate "2025.01.28"]
[EventType "swiss (blitz)"]
[EventRounds "11"]
[EventCountry "USA"]
[SourceTitle "CB06_2025"]
[SourceDate "2025.02.05"]
[SourceVersion "1"]
[SourceVersionDate "2025.02.05"]
[SourceQuality "1"]

1. d4 d5 2. Nc3 Nf6 3. Bf4 a6 4. e3 c5 5. dxc5 Nc6 6. a3 Bg4 7. Be2 Bxe2 8. Ngxe2 e6 9. b4 a5 10. Nb5 Rc8 11. c3 e5 12. Bg5 Be7 13. Bxf6 gxf6 14. Ng3 Qd7 15. Nh5 Rg8 16. Nd6+ Kf8 17. Qxd5 Bxd6 18. Nxf6 Qe6 19. Qxe6 fxe6 20. Nxg8 Bc7 21. Nf6 Kf7 22. Ne4 Rd8 23. Ke2 1-0

[Event "Titled Tuesday intern op 14th Jan Early"]
[Site "Chess.com INT"]
[Date "2025.01.14"]
[Round "4"]
[White "Alavkin, Arseny Nailievich"]
[Black "Daulet, Alikhan"]
[Result "1/2-1/2"]
[WhiteElo "2367"]
[BlackElo "2013"]
[PlyCount "111"]
[EventDate "2025.01.14"]
[EventType "swiss (blitz)"]
[EventRounds "11"]
[EventCountry "USA"]
[SourceTitle "CB04_2025"]
[SourceDate "2025.01.22"]
[SourceVersion "1"]
[SourceVersionDate "2025.01.22"]
[SourceQuality "1"]

1. d4 d5 2. c4 e6 3. Nc3 a6 4. cxd5 exd5 5. Nf3 Nf6 6. Bf4 c5 7. e3 Nc6 8. Be2 Be6 9. h3 Be7 10. 0-0 0-0 11. Rc1 c4 12. b3 b5 13. Ne5 Rc8 14. Nxc6 Rxc6 15. bxc4 bxc4 16. Bf3 Rb6 17. e4 dxe4 18. Nxe4 Nd5 19. Bh2 Rb2 20. Nc5 Bf5 21. Rxc4 Rxa2 22. Qb3 Rd2 23. Ra4 Nf6 24. Be5 Bc2 25. Qc3 Bxc5 26. Rxa6 Bd3 27. Rc1 Bxa6 28. Qxd2 Bd6 29. Qg5 Bxe5 30. dxe5 Nd7 31. Qf4 Qe7 32. Re1 Re8 33. Bd5 Nb6 34. Bb3 Bc8 35. Qd4 Qc7 36. Re3 Be6 37. Bd1 Nd5 38. Re2 Ne7 39. Rd2 Nc6 40. Qe3 Rd8 41. Re2 Rxd1+ 42. Kh2 Rd5 43. f4 g6 44. Rc2 Qd7 45. Qc3 Qe7 46. Qxc6 h5 47. Qa8+ Kh7 48. Qa4 Bf5 49. Rf2 Qd7 50. Qc4 Rd2 51. Rxd2 Qxd2 52. Qxf7+ Kh8 53. Qf8+ Kh7 54. Qf7+ Kh6 55. Qf8+ Kh7 56. Qf7+ 1/2-1/2